Chương trình đào tạo sau đại học ngành hóa
Bewaard in:
| Coauteur: | |
|---|---|
| Formaat: | Conferentie akten Boek |
| Taal: | Vietnamese |
| Gepubliceerd in: |
H.
Đại học sư phạm
1982
|
| Tags: |
Voeg label toe
Geen labels, Wees de eerste die dit record labelt!
|
| Thư viện lưu trữ: | Mạng thư viện Đại học Đà Nẵng |
|---|
| LEADER | 00896nam a2200277 4500 | ||
|---|---|---|---|
| 001 | 000008547 | ||
| 003 | 4737 | ||
| 005 | 20111019151007.0 | ||
| 008 | 111019s1982 viesd | ||
| 041 | 0 | |a vie | |
| 082 | |a 540.7 |b Chư | ||
| 111 | |a Đào tạo bồi dưỡng | ||
| 245 | 0 | |a Chương trình đào tạo sau đại học ngành hóa | |
| 260 | |a H. |b Đại học sư phạm |c 1982 | ||
| 300 | |a 195tr. |c 19 cm | ||
| OWN | |a LSP | ||
| AVA | |a UDN50 |b LSP |d 540.7 Chư |e available |t Error 5001 Not defined in file expand_doc_bib_avail. |f 5 |g 1 |h N |i 0 |k 1 | ||
| 999 | |a From the UDN01 | ||
| AVA | |a UDN50 |b LSP |d 540.7 Chư |e available |t Error 5001 Not defined in file expand_doc_bib_avail. |f 5 |g 1 |h N |i 0 |k 1 | ||
| TYP | |a Conference | ||
| TYP | |a Monograph | ||
| TYP | |a Printed language | ||
| 980 | |a Mạng thư viện Đại học Đà Nẵng | ||